Genshin Impact Characters (5.8) - Statistics

General Stats
  • This quiz has been taken 2,388 times
    389 since last reset
  • The average score is 61 of 101
Answer Stats
Vision Name % Correct
Electro Raiden Shogun
94%
Anemo Venti
92%
Geo Zhongli
90%
Anemo Jean
89%
Hydro Furina
85%
Dendro Nahida
82%
Cryo Kaeya
81%
Pyro Diluc
77%
Anemo Kaedehara Kazuha
77%
Pyro Mavuika
77%
Hydro Neuvillette
77%
Dendro Tighnari
77%
Anemo Xiao
76%
Anemo Sucrose
75%
Anemo Wanderer
75%
Pyro Bennett
74%
Cryo Kamisato Ayaka
73%
Electro Yae Miko
73%
Dendro Alhaitham
70%
Geo Arataki Itto
70%
Hydro Barbara
70%
Anemo Lynette
70%
Geo Albedo
69%
Dendro Kinich
69%
Electro Lisa
69%
Pyro Amber
68%
Hydro Kamisato Ayato
68%
Geo Ningguang
68%
Electro Cyno
67%
Anemo Chasca
66%
Cryo Chongyun
66%
Geo Gorou
66%
Hydro Mona
66%
Pyro Xiangling
66%
Cryo Ganyu
65%
Dendro Kaveh
65%
Electro Keqing
65%
Geo Navia
65%
Cryo Qiqi
65%
Electro Fischl
64%
Anemo Sayu
64%
Cryo Shenhe
64%
Anemo Lan Yan
63%
Anemo Xianyun
63%
Hydro Xingqiu
63%
Dendro Collei
62%
Pyro Klee
62%
Pyro Arlecchino
61%
Anemo Ifa
61%
Pyro Hu Tao
60%
Cryo Wriothesley
60%
Electro Beidou
59%
Cryo Citlali
59%
Pyro Lyney
59%
Electro Razor
59%
Hydro Tartaglia
59%
Geo Xilonen
59%
Pyro Dehya
58%
Cryo Diona
58%
Hydro Mualani
58%
Electro Ororon
58%
Hydro Sangonomiya Kokomi
58%
Anemo Shikanoin Heizou
58%
Anemo Yumemizuki Mizuki
58%
Electro Kujou Sara
57%
Dendro Yaoyao
57%
Hydro Yelan
56%
Electro Clorinde
55%
Anemo Faruzan
55%
Geo Kachina
54%
Cryo Rosaria
54%
Cryo Freminet
53%
Electro Kuki Shinobu
53%
Geo Noelle
53%
Cryo Eula
51%
Cryo Skirk
51%
Pyro Xinyan
51%
Dendro Baizhu
50%
Cryo Mika
49%
Pyro Thoma
49%
Electro Varesa
48%
Cryo Charlotte
47%
Electro Dori
47%
Electro Iansan
47%
Dendro Emilie
46%
Pyro Yoimiya
46%
Geo Yun Jin
45%
Pyro Gaming
44%
Hydro Nilou
44%
Cryo Escoffier
43%
Electro Ineffa
42%
Hydro Sigewinne
42%
Pyro Yanfei
42%
Dendro Kirara
41%
Cryo Layla
41%
Hydro Candace
40%
Geo Chiori
40%
Hydro Dahlia
39%
Cryo Aloy
35%
Pyro Chevreuse
34%
Electro Sethos
34%
No matching quizzes found
Score Distribution
Percent of People with Each Score
Percentile by Number Answered
Your Score History
You have not taken this quiz since the last reset